Die größten Filmschurken - Statistiken

Allgemein
  • Dieses Quiz wurde 164 mal gespielt
  • Das Durchschnittsergebnis liegt bei 9 aus 50
Antwortstatistiken
Platzierung Filmschurke Aus diesem Film Jahr % Korrekt
3. Darth Vader Krieg der Sterne (Star Wars) 1977
94%
1. Dr. Hannibal Lecter Das Schweigen der Lämmer 1991
74%
45. Der Joker Batman 1989
66%
33. Graf Dracula Dracula 1931
65%
14. Das Alien Alien 1979
58%
18. Der Hai Der weiße Hai 1975
57%
22. Terminator Terminator 1984
52%
20. Der Mensch / Jäger Bambi 1942
49%
40. Freddy Krueger A Nightmare on Elm Street 1984
45%
39. Cruella De Vil 101 Dalmatiner 1961
44%
2. Norman Bates Psycho 1960
41%
4. Die böse Hexe des Westens Der Zauberer von Oz 1939
39%
32. Bonnie und Clyde Bonnie und Clyde 1967
32%
10. Die böse Königin Schneewittchen und die sieben Zwerge 1937
32%
25. Jack Torrance Shining 1980
25%
46. Hans Gruber Stirb Langsam 1988
20%
38. Caesar Enrico Bandello Der kleine Cäsar 1931
15%
15. Amon Göth Schindlers Liste 1993
13%
12. Alex DeLarge Uhrwerk Orange 1971
11%
49. Auric Goldfinger Goldfinger 1964
11%
47. Tony Montana Scarface 1983
11%
24. Gordon Gekko Wall Street 1987
10%
13. Hal 9000 2001: Odyssee im Weltraum 1968
9%
11. Michael Corleone Der Pate - Teil 2 1974
9%
5. Schwester Ratched Einer flog über das Kuckucksnest 1975
6%
30. Travis Bickle Taxi Driver 1976
6%
19. Captain Bligh Meuterei auf der Bounty 1935
4%
48. Verbal Kint Die üblichen Verdächtigen 1995
4%
27. Die Marsianer Kampf der Welten 1953
3%
37. Harry Lime Der dritte Mann 1949
3%
6. Mr. Potter Ist das Leben nicht schön? 1946
3%
17. Annie Wilkes Misery 1990
2%
50. Alonzo Harris Training Day 2001
1%
34. Dr. Szell Der Marathon-Mann 1976
1%
23. Eve Harrington Alles über Eva 1950
1%
41. Joan Crawford Meine liebe Rabenmutter 1981
1%
28. Max Cady Kap der Angst 1991
1%
31. Mrs. Danvers Rebecca 1940
1%
7. Alex Forrest Eine verhängnisvolle Affäre 1987
0%
44. Baby Jane Hudson Was geschah wirklich mit Baby Jane? 1962
0%
26. Cody Jarrett Sprung in den Tod 1949
0%
36. Frank Booth Blue Velvet 1986
0%
35. J. J. Hunsecker Dein Schicksal in meiner Hand 1957
0%
21. Mrs. John Iselin Botschafter der Angst 1962
0%
16. Noah Cross Chinatown 1974
0%
8. Phyllis Dietrichson Frau ohne Gewissen 1944
0%
9. Regan McNeil Der Exorzist 1973
0%
43. Regina Giddons Die kleinen Füchse 1941
0%
29. Reverend Harry Powell Die Nacht des Jägers 1955
0%
42. Tom Powers Der öffentliche Feind 1931
0%
Keine übereinstimmenden Quizze gefunden
Verteilung der Resultate
Anzahl Personen mit jedem Resultat
Perzentil nach korrekt beantworteten Fragen
Ihre Resultats-Entwicklung
Sie haben dieses Quiz noch nicht gespielt